Online
Catalog

Envejecer en casa : (Record no. 40856)

MARC details
000 -CABECERA
campo de control de longitud fija 00656nam a2200169 a 4500
001 - NÚMERO DE CONTROL
campo de control 000041366
005 - FECHA Y HORA DE LA ÚLTIMA TRANSACCIÓN
campo de control 20201002034827.0
008 - DATOS DE LONGITUD FIJA--INFORMACIÓN GENERAL
campo de control de longitud fija 131001s2002 sp 000 0 spa d
020 ## - NÚMERO INTERNACIONAL ESTÁNDAR DEL LIBRO
Número Internacional Estándar del Libro 8400080327
040 ## - FUENTE DE LA CATALOGACIÓN
Centro catalogador/agencia de origen DO-SdBNP
Lengua de catalogación spa
Centro/agencia transcriptor BNPHU
245 10 - MENCIÓN DE TÍTULO
Título Envejecer en casa :
Resto del título La sastifacción residencial de los mayores en Madrid como indicador de su calidad de vida /
Mención de responsabilidad, etc. Fermina Rojo Pérez...[et.al].
260 ## - PUBLICACIÓN, DISTRIBUCIÓN, ETC.
Lugar de publicación, distribución, etc. Madrid :
Nombre del editor, distribuidor, etc. Consejo Superior de Investigaciones Científicas,
Fecha de publicación, distribución, etc. 2002.
300 ## - DESCRIPCIÓN FÍSICA
Extensión 321 p. ;
Dimensiones 22 cm.
490 1# - MENCIÓN DE SERIE
Mención de serie Monografías
Designación de volumen o secuencia 23
710 2# - PUNTO DE ACCESO ADICIONAL--NOMBRE DE ENTIDAD CORPORATIVA
Nombre de entidad corporativa o nombre de jurisdicción como elemento de entrada Consejo Superior de Investigaciones Científicas,(España)
9 (RLIN) 67570
830 #0 - PUNTO DE ACCESO ADICIONAL DE SERIE-TÍTULO UNIFORME
Título uniforme Monografías
Designación de volumen o secuencia 23
9 (RLIN) 15334
Holdings
Estado de retiro Estado de pérdida Restricciones de uso No para préstamo Código de colección Localización permanente Ubicación/localización actual Ubicación en estantería Fecha de adquisición Número de inventario Total de préstamos Signatura topográfica completa Código de barras Fecha visto por última vez Número de copia Precio válido a partir de Tipo de ítem Koha
      Excluido de préstamo Monografías: Libros y Folletos General General En catalogación 01.10.2013 LF1   41366-10 25.06.2020 e. 2 25.06.2020 No se presta
      Excluido de préstamo Monografías: Libros y Folletos General General En catalogación 01.10.2013 LF1   41366-20 25.06.2020   25.06.2020 No se presta

Powered by Koha